| 000 | 00629nam a2200205 4500 | ||
|---|---|---|---|
| 001 | 122416 | ||
| 003 | ES-MaACL | ||
| 005 | 20240411063016.0 | ||
| 007 | t| | ||
| 008 | 070214s1985 ag r ||||1| spa d | ||
| 100 | 1 |
_aPuccia, Enrique H. _9235695 |
|
| 245 | 1 | 0 |
_aItinerarios y regresos / _cEnrique Puccia. |
| 260 |
_aBuenos Aires : _bLibros de tierra firme, _c1985. |
||
| 300 |
_a70 p. ; _c20 cm. |
||
| 490 | 1 |
_aColección de poesía todos bailan ; _v23 |
|
| 830 | 0 |
_aColección de poesía todos bailan ; _v23 _9218845 |
|
| 852 |
_aES-MaACL _jL-12686 _bR.112723 |
||
| 942 | _2udc | ||
| 999 |
_c122416 _d122416 |
||